الاستيعاب فى معرفة الأصحاب / (Record no. 58791)
[ view plain ]
| 000 -الفاتح | |
|---|---|
| حقل البيانات ثابتة الطول | 01030nam a2200229Ia 4500 |
| 008 - عناصر البيانات ثابتة الطول - معلومات عامة | |
| حقل البيانات ثابتة الطول | 140319s9999 xx 000 0 ara d |
| 040 ## - مصدر الفهرسة | |
| وكالة الفهرسة الأصلية | GCL / |
| وكالة النسخ | GCL |
| 082 04 - رقم تصنيف ديوى العشرى | |
| رقم التصنيف | 922.1 |
| رقم المادة | ع ا |
| 100 1# - المدخل الرئيسى - إسم شخصى | |
| الإسم الشخصى | ابن عبدالبر القرطبى : جمال الدين ابوعمر يوسف بن عبدالله بن محمد بن عبدالبر بن عاصم النمرى المالكى |
| 245 10 - بيان العنوان | |
| العنوان | الاستيعاب فى معرفة الأصحاب / |
| بيان المسئوليه,etc | ابن عبدالبر القرطبى : جمال الدين ابوعمر يوسف بن عبدالله بن محمد بن عبدالبر بن عاصم النمرى المالكى |
| 700 1# - المدخل الاضافى - اسم شخصى | |
| الإسم الشخصى | على محمد البجاوى |
| 300 ## - الوصف المادى | |
| التعداد | 4 مج ؛ |
| أبعاد الوعاء | 24 سم |
| 490 ## - بيان السلسلة | |
| عنوان السلسلة | |
| 650 04 - المدخل الاضافى بالموضوع-مصطلح موضوعى | |
| مصطلح موضوعي | التراجم |
| 650 04 - المدخل الاضافى بالموضوع-مصطلح موضوعى | |
| مصطلح موضوعي | الصحابة |
| 650 04 - المدخل الاضافى بالموضوع-مصطلح موضوعى | |
| مصطلح موضوعي | الاسلام - تراجم |
| 650 04 - المدخل الاضافى بالموضوع-مصطلح موضوعى | |
| مصطلح موضوعي | الانساب |
| 650 04 - المدخل الاضافى بالموضوع-مصطلح موضوعى | |
| مصطلح موضوعي | الصحابة والتابعون - تراجم |
| 942 ## - عناصر المدخل الإضافي( كوها) | |
| مصدر التصنيف او مخطط الترفيف | Dewey Decimal Classification |
| Koha [default] item type | كتاب |
| 260 ## - PUBLICATION, DISTRIBUTION, ETC. (IMPRINT) | |
| -- | القاهرة : |
| -- | دار نهضة مصر للطبع والنشر |
| حالة التراجع | حالة الفقد | حالة تلف | ليس للاعارة | المكان المؤقت | الموقع الحالى | تاريخ الاكتساب | اجمالي اﻻعارات | رقم الطلب | الباركود | تاريخ اخر مشاهدة | تاريخ تفعيل السعر | نوع وعاء كوها |
|---|---|---|---|---|---|---|---|---|---|---|---|---|
| مكتبة القاهرة الكبرى | مكتبة القاهرة الكبرى | 03/26/2014 | 922.1\ع ا | 152512 | 03/26/2014 | 03/26/2014 | كتاب | |||||
| مكتبة القاهرة الكبرى | مكتبة القاهرة الكبرى | 03/26/2014 | 922.1\ع ا | 152513 | 03/26/2014 | 03/26/2014 | كتاب | |||||
| مكتبة القاهرة الكبرى | مكتبة القاهرة الكبرى | 03/26/2014 | 922.1\ع ا | 152514 | 03/26/2014 | 03/26/2014 | كتاب | |||||
| مكتبة القاهرة الكبرى | مكتبة القاهرة الكبرى | 03/26/2014 | 922.1\ع ا | 152515 | 03/26/2014 | 03/26/2014 | كتاب | |||||
| مكتبة القاهرة الكبرى | مكتبة القاهرة الكبرى | 03/26/2014 | 922.1\ع ا | 152516 | 03/26/2014 | 03/26/2014 | كتاب | |||||
| مكتبة القاهرة الكبرى | مكتبة القاهرة الكبرى | 03/26/2014 | 922.1\ع ا | 152517 | 03/26/2014 | 03/26/2014 | كتاب | |||||
| مكتبة القاهرة الكبرى | مكتبة القاهرة الكبرى | 03/26/2014 | 922.1\ع ا | 152518 | 03/26/2014 | 03/26/2014 | كتاب | |||||
| مكتبة القاهرة الكبرى | مكتبة القاهرة الكبرى | 03/26/2014 | 922.1\ع ا | 152519 | 03/26/2014 | 03/26/2014 | كتاب | |||||
| مكتبة القاهرة الكبرى | مكتبة القاهرة الكبرى | 03/26/2014 | 922.1\ع ا | 152520 | 03/26/2014 | 03/26/2014 | كتاب | |||||
| مكتبة القاهرة الكبرى | مكتبة القاهرة الكبرى | 03/26/2014 | 922.1\ع ا | 152521 | 03/26/2014 | 03/26/2014 | كتاب | |||||
| مكتبة القاهرة الكبرى | مكتبة القاهرة الكبرى | 03/26/2014 | 922.1\ع ا | 152522 | 03/26/2014 | 03/26/2014 | كتاب | |||||
| مكتبة القاهرة الكبرى | مكتبة القاهرة الكبرى | 03/26/2014 | 922.1\ع ا | 152523 | 03/26/2014 | 03/26/2014 | كتاب | |||||
| مكتبة القاهرة الكبرى | مكتبة القاهرة الكبرى | 03/26/2014 | 922.1\ع ا | 152524 | 03/26/2014 | 03/26/2014 | كتاب | |||||
| مكتبة القاهرة الكبرى | مكتبة القاهرة الكبرى | 03/26/2014 | 922.1\ع ا | 152525 | 03/26/2014 | 03/26/2014 | كتاب | |||||
| مكتبة القاهرة الكبرى | مكتبة القاهرة الكبرى | 03/26/2014 | 922.1\ع ا | 152526 | 03/26/2014 | 03/26/2014 | كتاب | |||||
| مكتبة القاهرة الكبرى | مكتبة القاهرة الكبرى | 03/26/2014 | 922.1\ع ا | 152527 | 03/26/2014 | 03/26/2014 | كتاب | |||||
| مكتبة القاهرة الكبرى | مكتبة القاهرة الكبرى | 03/26/2014 | 922.1\ع ا | 152528 | 03/26/2014 | 03/26/2014 | كتاب | |||||
| مكتبة القاهرة الكبرى | مكتبة القاهرة الكبرى | 03/26/2014 | 922.1\ع ا | 152529 | 03/26/2014 | 03/26/2014 | كتاب | |||||
| مكتبة القاهرة الكبرى | مكتبة القاهرة الكبرى | 03/26/2014 | 922.1\ع ا | 152530 | 03/26/2014 | 03/26/2014 | كتاب | |||||
| مكتبة القاهرة الكبرى | مكتبة القاهرة الكبرى | 03/26/2014 | 922.1\ع ا | 152531 | 03/26/2014 | 03/26/2014 | كتاب | |||||
| مكتبة القاهرة الكبرى | مكتبة القاهرة الكبرى | 03/26/2014 | 922.1\ع ا | 152532 | 03/26/2014 | 03/26/2014 | كتاب | |||||
| مكتبة القاهرة الكبرى | مكتبة القاهرة الكبرى | 03/26/2014 | 922.1\ع ا | 152533 | 03/26/2014 | 03/26/2014 | كتاب |

